DO YOU KNOW THESE FLAGS (3) - Statistics

General Stats
  • This quiz has been taken 12 times
  • The average score is 3 of 8
Answer Stats
Picture Answer % Correct
Czechoslovakia
88%
Central Asian Union
38%
Kingdom of Croatia
38%
Republic of Central America
38%
Courland-Livonia
25%
Caribbean Federation
13%
Carthage
13%
Chibchan State
13%
No matching quizzes found
Score Distribution
Percent of People with Each Score
Percentile by Number Answered
Your Score History
You have not taken this quiz